Campioni Serie A - Statistics

Statistiche generali
  • Questo quiz è stato fatto 1.712 volte
    1.630 dall'ultimo reset
  • Il punteggio medio è 114 su 122
Statistiche sulle risposte
Hint Risposta % Corretto
1929-1930 | 1937-1938 | 1939-1940 Ambrosiana Inter
100%
1909-1910 | 1919-1920 | 1952-1953 | +11 others Internazionale
100%
2005-2006 (riassegnato) Internazionale (declassamento Juventus)
100%
1905 | 1908 (Federale non riconosciuto) | 1909 (Italiano non riconosciuto) | +34 others Juventus
100%
1901 | 1906 | 1907 | +15 others Milan
100%
1973-1974 | 1999-2000 Lazio
98%
1941-1942 | 1982-1983 | 2000-2001 Roma
98%
1986-1987 | 1989-1990 Napoli
97%
1898 | 1899 | 1900 | +6 others Genoa
95%
1926-1927 (revocato) | 1927-1928 | 1942-1943 | +5 others Torino
93%
1990-1991 Sampdoria
90%
1955-1956 | 1968-1969 Fiorentina
89%
1924-1925 | 1928-1929 | 1935-1936 | +4 others Bologna
84%
1984-1985 Hellas Verona
84%
1908 | 1909 | 1910-1911 | +5 others Pro Vercelli
82%
1969-1970 Cagliari
80%
1913-1914 Casale
41%
1943-1944 (Campionato Nord Italia) Vigili del Fuoco di La Spezia
27%
1921-1922 (FIGC) Novese
26%
1915-1919 | 1944-1945 sospeso per motivi bellici
4%
Nessun quiz corrispondente trovato
Distribuzione punteggi
Percentuale di utenti per punteggio
Percentile per numero di risposta
I tuoi punteggi nel tempo
Non hai fatto questo quiz dall'ultimo reset